000 01100nam a22002891u 4500
001 06372
003 HDC
007 cr bn ---
008 210123b2011 ||||| |||| 00| 0 eng d
040 _aHDC
100 _aSimon Parker
_96757
110 _aAnitox
245 0 _aImproving Feed Production Throughput
_c/ by Simon Parker
260 _a[No place] :
_b[publisher not identified],
_c2007
300 _a30 pages :;20 pages :
_bIllustrations;illustrations
336 _atext
_2rdacontent
337 _acomputer
_2rdamedia
338 _aonline resource
_2rdacarrier
650 _aFeed Production
_95210
650 _aTechnical Specialist
_96758
650 _aThroughput
_95209
856 _zRequest full-text at [email protected]
856 _zRequest full-text at [email protected]
942 _2lcc
942 _cSLIDE
942 _kSLID 000724
999 _c3696
_d3696